| 000 | 01114cam a2200337 a 4500 | ||
|---|---|---|---|
| 001 | 48701 | ||
| 005 | 20230410123644.0 | ||
| 008 | 840613s1982 sp b 000 0 spa | ||
| 010 | _a 84173218 | ||
| 035 | _a(OCoLC)ocm11370983 | ||
| 040 |
_aDLC _cDLC _dNLGGC _dLVB |
||
| 020 |
_a8450076757 : _c600ptas |
||
| 020 | _a9788450076752 | ||
| 029 | 1 |
_aNLGGC _b125684177 |
|
| 035 | _a(OCoLC)11370983 | ||
| 043 | _ae-sp--- | ||
| 050 | 1 | 4 |
_aKKT 5674.27 _bI59 1982 |
| 082 | 0 | 0 | _a342.46/6 |
| 245 | 0 | 0 | _aInstituciones de la Comunidad Autónoma de Euskadi. |
| 260 |
_aOñati : _bInstituto Vasco de Estudios de Administración Pública, _c1982. |
||
| 300 |
_a307 p. : _bmap ; _c21 cm. |
||
| 440 | 0 |
_aColección Instituciones ; _v1 |
|
| 650 | 0 |
_aConstitutional law _zSpain _zPaís Vasco. |
|
| 651 | 0 |
_aPaís Vasco (Spain) _xHistory _xAutonomy and independence movements. |
|
| 650 | 6 |
_aDroit constitutionnel _zPays basque espagnol (Espagne) |
|
| 710 | 2 | _aInstituto Vasco de Estudios de Administración Pública. | |
| 830 | 0 |
_aErakunde bilduma ; _v1. |
|
| 942 |
_2lcc _cbk |
||
| 946 | _amjcruz | ||
| 994 |
_aC0 _bDRFGD |
||
| 999 |
_c65685 _d65685 |
||